Animaux d'Europe par image - Statistiques

Statistiques générales
  • Ce quiz a été pris 261 fois
  • Le résultat moyen est 59 sur 87
Statistiques - réponses
Par images Réponse % Correct
Tortue d'Hermann
98%
Canard colvert
96%
Grenouille verte
96%
Pigeon biset
96%
Cerf élaphe (biche)
95%
Ours brun
95%
Crapaud commun
94%
Cygne tuberculé
94%
Hibou grand-duc
94%
Hérisson d'Europe
93%
Lapin de garenne
93%
Loup gris
93%
Renard roux
93%
Écureuil roux
92%
Lézard des murailles
92%
Lièvre d'Europe
92%
Aigle royal
91%
Caméléon commun
91%
Chouette hulotte
91%
Élan (Orignal)
91%
Grand corbeau
91%
Pipistrelle commune
91%
Castor d'Europe
90%
Mouette rieuse
90%
Taupe d'Europe
89%
Lynx boréal
88%
Phoque gris
88%
Salamandre commune
88%
Flamant rose
87%
Pie bavarde
87%
Rat brun
87%
Loutre d'Europe
86%
Oie cendrée
85%
Sanglier
84%
Vipère aspic
84%
Vautour fauve
83%
Blaireau d'Europe
82%
Marmotte des Alpes
82%
Héron cendré
81%
Rouge-gorge familier
81%
Faisan de Colchide
79%
Cigogne blanche
76%
Moineau domestique
76%
Couleuvre à collier
75%
Ragondin
75%
Renne (caribou)
75%
Martin-pêcheur d'Europe
74%
Faucon pèlerin
72%
Belette
71%
Buse variable
71%
Merle noir
70%
Pic vert
68%
Bouquetin d'Espagne
66%
Daim européen
66%
Mésange charbonnière
66%
Chevreuil
65%
Musaraigne carrelet
63%
Fouine
62%
Corneille noire
60%
Chamois
59%
Tourterelle turque
58%
Rainette verte
57%
Mulot sylvestre
52%
Hermine
50%
Goéland brun
49%
Macareux moine
48%
Perdrix rouge
48%
Triton alpestre
48%
Grand cormoran
47%
Putois d'Europe
45%
Mouflon corse
37%
Caille des blés
35%
Loir gris
35%
Vison d'Europe
34%
Épervier d'Europe
33%
Geai des chênes
33%
Pinson des arbres
31%
Grande aigrette
30%
Grive musicienne
30%
Bécasse des bois
28%
Grand tétras
28%
Rat musqué
27%
Alouette des champs
23%
Chien viverrin (Tanuki)
16%
Lemming de Norvège
15%
Plongeon imbrin
9%
Jaseur boréal
8%
Aucun quiz correspondant
Distribution des résultats
% des personnes avec chaque résultat
Percentile par nombre de réponses
Votre historique - résultats
Vous n’avez pas pris ce quiz